Trackmania World Champions - Statistics

General Stats
  • This quiz has been taken 79 times
    38 since last reset
  • The average score is 8 of 18
Answer Stats
Hint Answer % Correct
2006 Carl
97%
2025 Pac
56%
2023 Bren
53%
2025 CarlJr
53%
2021 CarlJr
50%
2022 CarlJr
50%
2024 CarlJr
50%
2015 CarlJr
47%
2013 CarlJr
44%
2014 CarlJr
44%
2023 Otaaq
41%
2016 Pac
41%
2012 Spam
34%
2018 Kappa
31%
2010 Bergie
28%
2008 FrostBeule
28%
2007 XeNoGeaR
22%
2011 hakkiJunior
19%
No matching quizzes found
Score Distribution
Percent of People with Each Score
Percentile by Number Answered
Your Score History
You have not taken this quiz since the last reset